Ehemalige Flaggen - Statistiken

Allgemein
  • Dieses Quiz wurde 138 mal gespielt
  • Das Durchschnittsergebnis liegt bei 7 aus 12
Antwortstatistiken
Bildquiz Antwort % Korrekt
Vereinigte Staaten
88%
Sowjetunion
86%
Bangladesch
74%
China
74%
Frankreich
64%
Ostdeutschland
56%
Kaiserreich Korea
46%
Kanada
44%
Äthiopien
34%
Spanien
31%
Heiliges Römisches Reich
27%
Thailand
27%
Keine übereinstimmenden Quizze gefunden
Verteilung der Resultate
Anzahl Personen mit jedem Resultat
Perzentil nach korrekt beantworteten Fragen
Ihre Resultats-Entwicklung
Sie haben dieses Quiz noch nicht gespielt